False Confidence - Noah Kahan (All Lyrics) - Statistics

General Stats
  • This quiz has been taken 127 times
    116 since last reset
  • The average score is 246 of 288
Answer Stats
Lyrics % Correct
a
98%
confidence
98%
false
96%
I
96%
you
96%
again
94%
me
94%
my
94%
up
94%
all
91%
All
91%
and
91%
And
91%
down
91%
myself
89%
myself,
89%
so
89%
to
89%
why
89%
Why
89%
wonder
89%
be
87%
hope
87%
Hope
87%
Oh,
87%
take
87%
the
87%
wake
87%
your
87%
back
85%
Don't
85%
don't
85%
I'll
85%
in
85%
seriously
85%
seriously?
85%
yourself
85%
at
83%
built
83%
for
83%
Look
83%
never
83%
see
83%
someone
83%
young
83%
but
81%
know
81%
somehow,
81%
somehow
81%
tear
81%
dressed
79%
here
79%
meet
79%
of
79%
sky
79%
reason
77%
Surrender
77%
You're
77%
hands
74%
holes
74%
let
74%
left
72%
fucked
70%
that's
70%
demons
64%
lay
64%
those
64%
won't
64%
over
55%
fake
53%
uneven,
51%
sentiment
49%
now
47%
polished
47%
with
47%
fill
45%
split
45%
doubt,
34%
void
32%
No matching quizzes found
Score Distribution
Percent of People with Each Score
Percentile by Number Answered
Your Score History
You have not taken this quiz since the last reset